Database Design, Application Development, and Administration /

Mannino’s Database Management provides the information you need to learn relational databases. The book teaches students how to apply relational databases in solving basic and advanced database problems and cases. The fundamental database technoloiges of each processing environment are presented; as...

وصف كامل

محفوظ في:
التفاصيل البيبلوغرافية
المؤلف الرئيسي: Mannino Michael V
التنسيق: كتاب
اللغة:Vietnamese
منشور في: American : McGraw Hill/Irwin , 2004
الطبعة:Tái bản lần thứ 2
الموضوعات:
الوسوم: إضافة وسم
لا توجد وسوم, كن أول من يضع وسما على هذه التسجيلة!
Thư viện lưu trữ: Thư viện Trường CĐ Kỹ Thuật Cao Thắng
LEADER 01398nam a2200241 a 4500
001 TVCDKTCT6537
003 Thư viện trường Cao đẳng Kỹ thuật Cao Thắng
005 20070405000000
008 070405
980 \ \ |a Thư viện Trường CĐ Kỹ Thuật Cao Thắng 
024 |a RG_1 #1 eb0 i1 
020 # # |a 0-07-282350-X 
041 0 # |a vie 
082 # # |a 005.74 /   |b D100T-m 
100 1 # |a Mannino Michael V 
245 0 0 |a Database Design, Application Development, and Administration /  |c Mannino Michael V 
250 # # |a Tái bản lần thứ 2 
260 # # |a American :  |b McGraw Hill/Irwin ,  |c 2004 
300 # # |a 735tr. ;  |c 26cm 
520 # # |a Mannino’s Database Management provides the information you need to learn relational databases. The book teaches students how to apply relational databases in solving basic and advanced database problems and cases. The fundamental database technoloiges of each processing environment are presented; as well as relating these technologies to the advances of e-commerce and enterprise computing. This book provides the foundation for the advanced study of individual database management systems, electrnoic commerce applications, and enterprise computing. 
650 # 4 |a Thiết kế cơ sở dữ liệu 
650 # 4 |a Phần mềm ứng dụng--Sự phát triển 
650 # 4 |a Quản lý cơ sở dữ liệu